15 Seconds - Twelve Days of Christmas - Statistics

General Stats
  • This quiz has been taken 4 times
  • The average score is 3 of 12
Answer Stats
Day Gift % Correct
1 A Partridge in a Pear Tree
75%
5 Five Golden Rings
50%
3 Three French Hens
50%
12 Twelve Drummers Drumming
50%
2 Two Turtle Doves
50%
7 Seven Swans a-Swimming
25%
6 Six Geese a-Laying
25%
8 Eight Maids a-Milking
0%
11 Eleven Pipers Piping
0%
4 Four Calling Birds
0%
9 Nine Ladies Dancing
0%
10 Ten Lords a-Leaping
0%
No matching quizzes found
Score Distribution
Percent of People with Each Score
Percentile by Number Answered
Your Score History
You have not taken this quiz